| 000 | 00636cam a2200205 4500 | ||
|---|---|---|---|
| 001 | B570 | ||
| 008 | 090401t1986 xxu||||| |||| 00| 0 eng d | ||
| 035 | _a(Sirsi) u36580 | ||
| 041 | _aeng | ||
| 050 | _a692.8 | ||
| 110 |
_aConfederation of Associations of Specialist Engineering Contractors _93410 |
||
| 245 | _aGuide to the JCT Intermediate Form of Building Contract (IFC 84) | ||
| 260 |
_aLondon _bCASEC _c1986 |
||
| 300 | _axxv,15,15p. ; 30cm. | ||
| 350 | _a0 | ||
| 650 | _aBUILT ENVIRONMENT-BUILDING CONTRACT FORMS | ||
| 650 | _aJCT INTERMEDIATE FORM OF BUILDING CONTRACT (1984 EDITION) | ||
| 942 | _n0 | ||
| 948 | _c04/03/1997 | ||
| 999 |
_c90340 _d90340 |
||